Impact of Croatian EU Accession on Regional Trade Patterns (Record no. 8521)
[ view plain ]
| 000 -LEADER | |
|---|---|
| fixed length control field | 01781nam a22003017u 4500 |
| 001 - CONTROL NUMBER | |
| control field | pwiiw2982 |
| 003 - CONTROL NUMBER IDENTIFIER | |
| control field | OSt |
| 005 - DATE AND TIME OF LATEST TRANSACTION | |
| control field | 20260516120039.0 |
| 008 - FIXED-LENGTH DATA ELEMENTS--GENERAL INFORMATION | |
| fixed length control field | 130808t2013 au ||||| |||| 00| ||eng d |
| 040 ## - CATALOGING SOURCE | |
| Transcribing agency | OSt |
| 041 ## - LANGUAGE CODE | |
| Language code of text/sound track or separate title | eng |
| 084 ## - OTHER CLASSIFICATION NUMBER | |
| Classification number | F15 |
| -- | F17 |
| -- | P33 |
| Number source | jelc |
| 100 1# - MAIN ENTRY--PERSONAL NAME | |
| Personal name | Holzner, Mario |
| 245 10 - TITLE STATEMENT | |
| Title | Impact of Croatian EU Accession on Regional Trade Patterns |
| 260 ## - PUBLICATION, DISTRIBUTION, ETC. | |
| Place of publication, distribution, etc. | Wien : |
| Name of publisher, distributor, etc. | Wiener Institut für Internationale Wirtschaftsvergleiche (wiiw), |
| Date of publication, distribution, etc. | 2013. |
| 300 ## - PHYSICAL DESCRIPTION | |
| Extent | 15 S., |
| Other physical details | 3 Tables and 4 Figures, |
| Dimensions | 30cm. |
| 490 1# - SERIES STATEMENT | |
| Series statement | wiiw Policy Notes and Reports |
| Volume/sequential designation | 10 |
| 520 ## - SUMMARY, ETC. | |
| Summary, etc. | Summary <br/><br/>This report aims to analyse the regional trade effects of Croatia’s accession to the EU and simultaneous exit from the CEFTA agreement on 1st July 2013. The Global Simulation Model (GSIM) as proposed by Francois and Hall (2003) is being applied. As the change in Croatian tariff protection is rather small, price and output changes for most CEFTA countries are expected to be mostly negligible. Only for Croatia the simulation suggests that overall consumer prices might fall by as much as 0.39% and real output by 0.41%, in the short run. However, it can be expected that EU support funds will offset that loss many times over. The share of Croatian exports to the EU is expected to increase by 2.2 percentage points, while the share of exports to the CEFTA countries and to the rest of the world is expected to drop by 0.7 and 1.5 percentage points, respectively.<br/> |
| 650 ## - SUBJECT ADDED ENTRY--TOPICAL TERM | |
| Topical term or geographic name entry element | trade policy simulation |
| 650 ## - SUBJECT ADDED ENTRY--TOPICAL TERM | |
| Topical term or geographic name entry element | Croatia |
| 650 ## - SUBJECT ADDED ENTRY--TOPICAL TERM | |
| Topical term or geographic name entry element | EU accession |
| 650 ## - SUBJECT ADDED ENTRY--TOPICAL TERM | |
| Topical term or geographic name entry element | CEFTA |
| 651 ## - SUBJECT ADDED ENTRY--GEOGRAPHIC NAME | |
| Geographic name | Croatia |
| 690 ## - LOCAL SUBJECT ADDED ENTRY--TOPICAL TERM (OCLC, RLIN) | |
| Topical term or geographic name as entry element | International Trade, Competitiveness and FDI |
| 830 #0 - SERIES ADDED ENTRY--UNIFORM TITLE | |
| Volume/sequential designation | 10 |
| Bibliographic record control number | WIIW0000092 |
| Title of a work | wiiw Policy Notes and Reports |
| 856 40 - ELECTRONIC LOCATION AND ACCESS | |
| Uniform Resource Identifier | <a href="https://wiiw.ac.at/p-2982.html">https://wiiw.ac.at/p-2982.html</a> |
| 942 ## - ADDED ENTRY ELEMENTS (KOHA) | |
| Koha item type | Paper |
| Withdrawn status | Lost status | Damaged status | Not for loan | Home library | Current library | Shelving location | Date acquired | Inventory number | Total Checkouts | Full call number | Barcode | Date last seen | Price effective from | Koha item type |
|---|---|---|---|---|---|---|---|---|---|---|---|---|---|---|
| WIIW | WIIW | Library | 08/08/2013 | pwiiw2982 | /10 | 1000010002982 | 08/08/2013 | 07/19/2018 | Paper |
